People first : a guide to self-reliant participatory rural development

Αποθηκεύτηκε σε:
Λεπτομέρειες βιβλιογραφικής εγγραφής
Κύριος συγγραφέας: Burkey, Stan
Μορφή: Βιβλίο
Γλώσσα:English
Δημοσίευση: London : Zed Books, c1993
Θέματα:
Ετικέτες: Προσθήκη ετικέτας
Δεν υπάρχουν, Καταχωρήστε ετικέτα πρώτοι!

MARC

LEADER 00000nam a2200000 i 4500
001 1/5053
008 000602s1993 eng d
020 |a 1-85649-082-3 
035 |l 10061450 
040 |a GR-MY-UA  |b gre  |e aacr 
041 0 |a eng 
082 0 |a 307.1412091724 
100 1 |a Burkey, Stan. 
245 1 0 |a People first :  |b a guide to self-reliant participatory rural development /  |c Stan Burkey 
260 |a London :   |b Zed Books,   |c c1993 
300 |a 244 p. 
504 |a Includes bibliographical references and index 
650 0 0 |a Rural development  |z Developing countries. 
852 |a INST  |b LESVOS  |e 20000602  |h 307.1412091724 BUR  |p 005100024132  |q 005100024132  |t BK  |y 0 
901 |a BIBL1-2000-2 
909 |a Λ  |b 080170 
922 |a 1ΕΛΗ  |b 200005  |c ΚΠΣ/ΤΓ  |d LEADER 
950 |a 118-1999-09-20 
970 |a ΜΟΥΣΤΑΚΑ  |b ΠΗΝΕΛΟΠΗ  |z 2000/06/07